Nghiên cứu chiết tách tổng đất hiếm từ sa khoáng Monazit Quảng Nam bằng phương pháp axit và kiềm
Tổng quan. Kỹ thuật thực nghiệm. Kết quả và thảo luận
Αποθηκεύτηκε σε:
| Κύριος συγγραφέας: | |
|---|---|
| Άλλοι συγγραφείς: | |
| Μορφή: | Βιβλίο |
| Γλώσσα: | Vietnamese |
| Έκδοση: |
Đà Nẵng
Đại học Đà Nẵng
2008
|
| Θέματα: | |
| Ετικέτες: |
Προσθήκη ετικέτας
Δεν υπάρχουν, Καταχωρήστε ετικέτα πρώτοι!
|
| Thư viện lưu trữ: | Mạng thư viện Đại học Đà Nẵng |
|---|
| LEADER | 01437nam a2200361 4500 | ||
|---|---|---|---|
| 001 | 000010420 | ||
| 003 | 6625 | ||
| 005 | 20111213151215.0 | ||
| 008 | 111213s2008 viesd | ||
| 041 | |a vie | ||
| 072 | |a Luận văn Thạc sĩ Khoa học | ||
| 082 | |a 549.7 |b NG-P | ||
| 100 | |a Nguyễn Thị Đông Phương | ||
| 245 | |a Nghiên cứu chiết tách tổng đất hiếm từ sa khoáng Monazit Quảng Nam bằng phương pháp axit và kiềm |c Nguyễn Thị Đông Phương | ||
| 260 | |a Đà Nẵng |b Đại học Đà Nẵng |c 2008 | ||
| 300 | |a 53 tr. |c 29 cm | ||
| 500 | |a Luận văn Thạc sĩ. Chuyên ngành: Hóa hữu cơ. Mã số: 60.44.27 | ||
| 520 | |a Tổng quan. Kỹ thuật thực nghiệm. Kết quả và thảo luận | ||
| 653 | |a Đất hiếm | ||
| 653 | |a Sa khoáng | ||
| 653 | |a Luận văn Thạc sĩ Hóa hữu cơ | ||
| 653 | |a Hóa học | ||
| 700 | |a Nguyễn Thị Đông Phương |c PGS.TS |e Hướng dân | ||
| OWN | |a LSP | ||
| AVA | |a UDN50 |b LSP |d 549.7 NG-P |e available |t Error 5001 Not defined in file expand_doc_bib_avail. |f 1 |g 0 |h N |i 0 |k 1 | ||
| 999 | |a From the UDN01 | ||
| AVA | |a UDN50 |b LSP |d 549.7 NG-P |e available |t Error 5001 Not defined in file expand_doc_bib_avail. |f 1 |g 0 |h N |i 0 |k 1 | ||
| TYP | |a Monograph | ||
| TYP | |a Printed language | ||
| 980 | |a Mạng thư viện Đại học Đà Nẵng | ||